|
|
|
|
| LEADER |
00622nab a2200145 i 4500 |
| 001 |
delm32610 |
| 005 |
20180927105637.0 |
| 008 |
180927s1934 hu o 0|| hun d |
| 040 |
|
|
|a SZTE Délmagyarország Archívum
|b hun
|
| 041 |
|
|
|a hun
|
| 245 |
0 |
0 |
|a Lényegesen kevesebb hallgatót vesznek fel az idén a szegedi egyetemre
|h [elektronikus dokumentum] :
|b 310 jelentkező, 150-es létszám a jogi karon, 96 jelentkező, 40-es létszám az orvosi karon : az egyetem a létszám felemelését kéti a kultuszminisztertől
|
| 260 |
|
|
|c 1934-09-06
|
| 300 |
|
|
|a 3
|
| 490 |
0 |
|
|a Délmagyarország
|v 10 No. 201
|
| 695 |
|
|
|a Felsőoktatás 1934 Szeged
|